000 00886nas a2200277 4500
001 BR2013004060
003 BR-BrBNA
005 20231205122527.0
007 ta
008 230509b bl.|||p| |||| 00| 00por d
040 _aBR-BrBNA
_bpor
_cBiblioteca Nacional de Agricultura
041 _a(En)
072 _aH10
100 1 _aBettiol, W.
100 1 _aKupper, K.C.
100 1 _aGoes, A. de
100 1 _aMoretto, C.
100 1 _aCorrea, E.B.
245 1 _aMass production of Bacillus subtilis and Trichoderma viride for the control of Phyllosticta citricarpa (teleomorph: Guignardia citricarpa)
650 _aBACTÉRIA
650 _aCONTROLE BIOLÓGICO
650 _aPHYLLOSTICTA SP
773 0 _tSumma Phytopathologica (Brazil)
_xISSN 0100-5405
_g(Jul-Sep 2005), v. 31(3) p. 276-278
_wBR2013004060
909 _a202311
_bLúcia
_c55
_dLúcia Elande
942 _2AGRIS
_n0
_cANA
999 _c229125
_d229125